01755cam a22003375i 4500999001700000001001000017003000900027005001700036008004100053020001800094040004500112082002300157245011600180264005400296300006400350336002600414337002800440338002700468490003900495504005100534520043100585650004301016650003601059653003501095655001701130700003201147700003001179776003501209942001201244952016101256 c27904d27875019007826EG-ScBUE20191127124714.0180612s2018 enka f b 001 0 eng d a9781350063358 aStDuBDSbengerdacStDuBDSdUkdEG-ScBUE04a302.23014bLAN22200aLanguage in the media :brepresentations, identities, ideologies /cedited by Sally Johnson and Astrid Ensslin. 1aLondon ;aNew York :bBloomsbury Academic,c2018. axii, 396 pages :billustrations (black and white) ;c22 cm. atextbtxt2rdacontent aunmediatedbn2rdamedia avolumebnc2rdacarrier0 aBloomsbury classics in linguistics aIncludes bibliographical references and index. a"Examining the ways in which the media represents language-related issues and how it shapes and constructs what people think language is, this book offers a multilingual survey of the construction of language in and by the media. Tackling the big issues of identity, gender, youth, citizenship, politics and ideology across a range of mediums including television, radio, newspapers, magazines and the internet, Read more...  7aMass media and language.2BUEsh940792 7aSociolinguistics.2BUEsh939810 bHHUUEENNbCOMAMEcNovember2019 vReading book1 aJohnson, Sally A.,eeditor.1 aEnsslin, Astrid,eeditor.08iebook version :z9781350063372 2ddccBB 00102ddc40708BaccahaMAINbMAINc1STd2019-11-27ePurchaseg660.00l1o302.23014 LANp000048446r2025-07-15 00:00:00s2020-12-19v825.00w2019-11-27yBB